Retablos ojivales y de la transición al Renacimiento / (Record no. 143349)

MARC details
000 -LEADER
campo de control de longitud fija 00856nam a2200217 4500
001 - NÚMERO DE CONTROL
campo de control 143349
003 - IDENTIFICADOR DE NÚMERO DE CONTROL
campo de control ES-MaACL
005 - FECHA Y HORA DE LA ÚLTIMA TRANSACCIÓN
campo de control 20230906200804.0
007 - CAMPO FIJO DE DESCRIPCIÓN FÍSICA--INFORMACIÓN GENERAL
campo de control de longitud fija t|
008 - DATOS DE LONGITUD FIJA--INFORMACIÓN GENERAL
campo de control de longitud fija 070214s1902 sp r ||||1| spa d
080 ## - NÚMERO DE LA CLASIFICACIÓN DECIMAL UNIVERSAL
Número de la Clasificación Decimal Universal 726.59.033.5(460)
100 1# - ENTRADA PRINCIPAL--NOMBRE DE PERSONA
Nombre de persona Serrano Fatigati, Enrique.
9 (RLIN) 132669
245 10 - MENCIÓN DEL TÍTULO
Título Retablos ojivales y de la transición al Renacimiento /
Mención de responsabilidad, etc. por el Ilmo. Sr. D. Enrique Serrano y Fatigati ; con fototipias de los Sres. Hauser y Menet.
260 ## - PUBLICACIÓN, DISTRIBUCIÓN, ETC.
Lugar de publicación, distribución, etc. Madrid :
Nombre del editor, distribuidor, etc. [s.n.],
Fecha de publicación, distribución, etc. 1902 (
Fabricante Imp. de San Francisco de Sales)
300 ## - DESCRIPCIÓN FÍSICA
Extensión 31 p., [12] h. de lám. ;
Dimensiones 27 cm.
530 ## - NOTA DISPONIBLE DE FORMULARIO FÍSICO ADICIONAL
Nota de formato físico adicional disponible Disponible en formato digital.
650 #4 - PUNTO DE ACCESO ADICIONAL DE MATERIA--TÉRMINO DE MATERIA
Término de materia o nombre geográfico como elemento de entrada Retablos góticos-
Subdivisión geográfica España.
9 (RLIN) 149896
710 2# - ENTRADA AGREGADA--NOMBRE DE ENTIDAD CORPORATIVA
Nombre de entidad corporativa o nombre de jurisdicción como elemento de entrada Hauser y Menet (Madrid)
9 (RLIN) 4558
852 ## - LOCALIZACIÓN
Ubicación ES-MaACL
Número de control de estantería T-996-F-7
856 ## - LOCALIZACIÓN Y ACCESO ELECTRÓNICOS
Identificador Uniforme de Recursos <a href="http://bdh-rd.bne.es/viewer.vm?id=0000092324&page=1 ">http://bdh-rd.bne.es/viewer.vm?id=0000092324&page=1 </a>
Nota pública Biblioteca Digital Hispánica
Holdings
Estatus retirado Estado de pérdida Estado de daño No para préstamo Colección Biblioteca de origen Biblioteca actual Ubicación en estantería Fecha de adquisición Fuente de adquisición Total de préstamos Signatura topográfica completa Código de barras Visto por última vez Precio de reemplazo Tipo de ítem Koha
        Colección de folletos Biblioteca del Ateneo de Madrid Biblioteca del Ateneo de Madrid Depósito folletos 17/01/2008     T-996-F-7 1149144 23/02/2023 23/02/2023 Folleto